| 000 | 00489nam a2200181Ia 4500 | ||
|---|---|---|---|
| 008 | 240925s9999 xx 000 0 und d | ||
| 020 | _a135190185 | ||
| 082 | _a530.141 DUB | ||
| 100 | _aDubroff ,Richard E. | ||
| 245 | 0 | _aElectromagnetic Concept and Applications | |
| 250 | _a4th | ||
| 260 |
_aNew Jersey: _bPrintice- Hall Int. _c,1996. |
||
| 300 |
_axix,233p. _bNA _fPirated |
||
| 500 | _aIncludes Index | ||
| 600 | _aHumanities & Natural Science | ||
| 650 | _aPhysics | ||
| 942 | _cBK | ||
| 999 |
_c6561 _d6561 |
||